مكتبة جامعة عجلون الوطنية

فهرس بحث المكتبة

Auditing theory and practice / (Record no. 33207)

MARC details
000 -LEADER
fixed length control field 00938nam a2200289 a 4500
001 - CONTROL NUMBER
control field 3826666
003 - CONTROL NUMBER IDENTIFIER
control field JO-AjAnu
005 - DATE AND TIME OF LATEST TRANSACTION
control field 20231202133437.0
008 - FIXED-LENGTH DATA ELEMENTS--GENERAL INFORMATION
fixed length control field 870915s1987 ilua b 001 0 eng
010 ## - LIBRARY OF CONGRESS CONTROL NUMBER
LC control number 86082590
020 ## - INTERNATIONAL STANDARD BOOK NUMBER
International Standard Book Number 0256056668
040 ## - CATALOGING SOURCE
Original cataloging agency DLC
Transcribing agency DLC
Modifying agency DLC
-- JO-AjAnu
050 00 - LIBRARY OF CONGRESS CALL NUMBER
Classification number HF5667
Item number .H399 1987
082 00 - DEWEY DECIMAL CLASSIFICATION NUMBER
Classification number 657/.45
Edition number 19
100 1# - MAIN ENTRY--PERSONAL NAME
Personal name Hermanson, Roger H.
Relator term author
245 10 - TITLE STATEMENT
Title Auditing theory and practice /
Statement of responsibility, etc. Roger H. Hermanson, Jerry R. Strawser, Robert H. Strawser.
250 ## - EDITION STATEMENT
Edition statement 4th ed.
260 ## - PUBLICATION, DISTRIBUTION, ETC.
Place of publication, distribution, etc. Homewood, Ill. :
Name of publisher, distributor, etc. Irwin,
Date of publication, distribution, etc. 1987.
300 ## - PHYSICAL DESCRIPTION
Extent xv, 700 p. :
Other physical details ill. ;
Dimensions 25 cm.
440 #0 - SERIES STATEMENT/ADDED ENTRY--TITLE
Title Robert N. Anthony/Willard J. Graham series in accounting
504 ## - BIBLIOGRAPHY, ETC. NOTE
Bibliography, etc. note Includes bibliographies and index.
650 #0 - SUBJECT ADDED ENTRY--TOPICAL TERM
Topical term or geographic name entry element Auditing.
700 1# - ADDED ENTRY--PERSONAL NAME
Personal name Strawser, Jerry R.
Relator term joint author
700 1# - ADDED ENTRY--PERSONAL NAME
Personal name Strawser, Robert H.
Relator term joint author
906 ## - LOCAL DATA ELEMENT F, LDF (RLIN)
a 7
b cbc
c orignew
d 3
e opcn
f 19
g y-gencatlg
942 ## - ADDED ENTRY ELEMENTS (KOHA)
Source of classification or shelving scheme Library of Congress Classification
Koha item type Books
Suppress in OPAC No
Holdings
Withdrawn status Lost status Source of classification or shelving scheme Damaged status Not for loan Home library Current library Date acquired Total Checkouts Full call number Barcode Date last seen Price effective from Koha item type
    Library of Congress Classification     مكتبة جامعة عجلون الوطنية مكتبة جامعة عجلون الوطنية 02/12/2023   HF5667.H399 1987 E3586 02/12/2023 02/12/2023 Books